Normal view
MARC view
Entry Personal Name
001 - CONTROL NUMBER
- control field: 63644
003 - CONTROL NUMBER IDENTIFIER
- control field: dpl
005 - DATE AND TIME OF LATEST TRANSACTION
- control field: 20240320120516.0
008 - FIXED-LENGTH DATA ELEMENTS
- fixed length control field: 240320|| aca||aabn | a|a d
040 ## - CATALOGING SOURCE
- Original cataloging agency: dpl
- Transcribing agency: dpl
100 ## - HEADING--PERSONAL NAME
- Personal name: P.Shivkumar
670 ## - SOURCE DATA FOUND
- Source citation: Work cat.: (dpl)201632: Rajan,S. Irudaya 63641, Tamil Migrants: A Demographic, Social and Economic Analysis /, 2021
